00303nam a22001097a 4500008004100000020001800041082001100059100002100070245004100091260005200132300000900184260530b |||||||| |||| 00| 0 eng d a9789381275177 a001910 aNagasampige, A V aNyaya Pradip of Ganga Sahaya Sharma  aBangalorebPoorna Prajna Samshodhan Trustc2012 a162p